Key Determinants of Municipal Waste Sorting in Slovakia
Hodnotenie produkcie komunálneho odpadu na Slovensku. Faktory, ktoré ovplyvňujú úroveň triedenia komunálneho odpadu ako predpoklad pre maximálne opätovné využitie, zhodnotenie, prípadne recykláciu komunálneho odpadu. Poplatky za komunálny odpad na Slovensku. Systém nakladania s komunálnymi odpadmi v...
Guardado en:
| Autor principal: | |
|---|---|
| Otros Autores: | |
| Formato: | Capítulo de libro |
| Lenguaje: | inglés |
| Materias: | |
| Etiquetas: |
Sin Etiquetas, Sea el primero en etiquetar este registro!
|
MARC
| LEADER | 00000naa a2200000 4500 | ||
|---|---|---|---|
| 001 | 0280792 | ||
| 005 | 20240502083857.9 | ||
| 041 | 0 | |a eng | |
| 044 | |a CH | ||
| 245 | 1 | 0 | |a Key Determinants of Municipal Waste Sorting in Slovakia |c Michal Stričík, Monika Čonková |
| 520 | |a Hodnotenie produkcie komunálneho odpadu na Slovensku. Faktory, ktoré ovplyvňujú úroveň triedenia komunálneho odpadu ako predpoklad pre maximálne opätovné využitie, zhodnotenie, prípadne recykláciu komunálneho odpadu. Poplatky za komunálny odpad na Slovensku. Systém nakladania s komunálnymi odpadmi v obci. | ||
| 610 | 2 | 0 | |a odpad komunálny |
| 610 | 2 | 0 | |a hospodárstvo odpadové |
| 610 | 2 | 0 | |a recyklácia odpadu |
| 610 | 2 | 0 | |a likvidácia odpadu |
| 610 | 2 | 0 | |a Slovensko |
| 100 | 1 | |a Stričík, Michal, 1969- | |
| 700 | 1 | |a Čonková, Monika, 1976- | |